Economía y administración

Guardat en:
Dades bibliogràfiques
Autor principal: Brigham, Eugene F (Autor)
Altres autors: Pappas, James L. (autor)
Format: Llibre
Idioma:espanyol
Publicat: Ciudad de México Interamericana 1978
Edició:2a. ed
Matèries:
Etiquetes: Afegir etiqueta
Sense etiquetes, Sigues el primer a etiquetar aquest registre!

MARC

LEADER 00000nam a2200000 a 4500
001 UCR3539
003 CL-VaPUC
008 980124e19780000MX |||||||||||||||||spa|d
082 0 4 |a 658.15  |b BRI  |2 21 
100 0 |a Brigham, Eugene F  |e author  |9 402456 
700 |a Pappas, James L.  |e autor  |9 402457 
245 1 0 |a Economía y administración 
250 |a 2a. ed 
300 |a 583 p 
942 |c BK 
945 |d 19980124 00:00:00  |a aolguin 
260 |a Ciudad de México  |b Interamericana  |c 1978 
650 0 |a Economía   |9 255568 
650 0 |a Administrativos   |9 371866 
650 7 |a TECNICAS DE OPTIMIZACION  |2 CL-VaPUC  |9 378533 
650 0 |a Precios   |9 260787 
650 0 |a Capital   |9 263726 
650 0 |a Inversiones  |9 261520 
650 7 |a INTERESES  |2 CL-VaPUC  |9 358017 
650 0 |a Administración  |9 259325 
583 |a last modification  |c 19980124 00:00:00  |k Rodrigo Vera 
999 |c 266598  |d 266596 
952 |0 0  |1 0  |4 0  |6 658_150000000000000_BRI_1978  |7 0  |8 A  |9 298352  |a BIBGIM  |b BIBGIM  |d 2019-11-20  |i 1943057  |o 658.15 BRI 1978  |p 1943057  |r 2025-01-15  |w 2019-11-20  |y BK  |k COM 
952 |0 0  |1 0  |4 0  |6 658_150000000000000_BRI_1978  |7 0  |8 A  |9 298353  |a BIBENE  |b BIBENE  |d 2019-11-20  |i 1943103  |o 658.15 BRI 1978  |p 1943103  |r 2025-01-15  |w 2019-11-20  |y BK  |k ICO